000 01164cab a2200193 4500
001 ##L134362
008 060731n2006 000 0 eng u
035 _a(Sirsi) u134362
041 0 _aeng
100 1 _aTaltavull de la Paz, Paloma
245 0 0 _aAssessing subjectivity in the valuation of retail properties in Spain
260 _c2006
490 0 _aJournal of Property Research
_v23(1) March 2006, 53-74(22)
520 _aThe extent to which subjective influences affect assessed valuations is an under-researched area. Valuation practice within Spain is seemingly less developed than in the UK and other western European countries and explicitly allows for subjective adjustments. This study seeks to quantify the impact of this effect on the valuation of retail property. Results show that subjectivity corrects the model by as much as 12%. Demonstrates that the variables with the greatest impact are age of property and construction quality rather than economic/market factors. [Taken from journal abstract].
651 4 _aSPAIN
690 _aPROPERTY-PROPERTY VALUATION AND APPRAISAL-VALUATION ACCURACY
700 1 _aMcGreal, Stanley
942 _n0
999 _c77480
_d77480